| 000 | 00545nam a2200157 a 4500 | ||
|---|---|---|---|
| 001 | 3859 | ||
| 003 | CDMR | ||
| 005 | 20130314161019.0 | ||
| 008 | 130130s1988||||||||||||||||||||||||||||d | ||
| 040 |
_aCDMR _bcat _cCDMR |
||
| 245 | 0 | 0 | _aAgustí Calvet, Gaziel (1887-1964) |
| 260 |
_aBarcelona _bCol.legi de Periodistes de Catalunya |
||
| 260 |
_c1988 _bLa Vanguardia |
||
| 500 | _aCatàleg de l'exposició organitzada pel Col·legi de Periodistes de Catalunya, amb la col.laboració de l'Ajuntament de Barcelona i de "La Vanguardia" | ||
| 942 |
_cMON _2udc |
||
| 999 |
_c3859 _d3859 |
||